000 00685nam a2200289Ia 4500
005 20260324145036.0
008 008 260324s9999 xx 000 0 eng d
020 _a9781003329282
037 _aEBOOK
040 _aCRL
040 _beng
040 _cCRL
041 _2eng
041 _aeng
084 _qCRL
100 _aJulia Brophy; Carol Smart
_91221535
245 0 _aWomen-in-Law
245 0 _bExplorations in Law, Family, and Sexuality
260 _bTaylor and Francis
260 _c1985
365 _a
365 _b150
856 _uhttp://www.taylorfrancis.com/books/9781003329282
942 _cEBOOK
999 _c1828912
_d1828912